कवि ने कहा / (Record no. 67494)

MARC details
000 -LEADER
fixed length control field 02574nam a22003857a 4500
005 - DATE AND TIME OF LATEST TRANSACTION
control field 2010101908158.0
008 - FIXED-LENGTH DATA ELEMENTS--GENERAL INFORMATION
fixed length control field 101019t xxu||||| |||| 00| 0 hin d
010 ## - LCCN (DPL NO)
LC control number HIN-96223 B-484373-375 B-490231
020 ## - INTERNATIONAL STANDARD BOOK NUMBER
Terms of availability 190.00
International Standard Book Number 9789381467206
035 ## - SYSTEM CONTROL NUMBER
System control number HN-68569 B-484373-375 B-490231
037 ## - SOURCE OF ACQUISITION
Source of stock number/acquisition DBAD / PUB
037 ## - SOURCE OF ACQUISITION
Source of stock number/acquisition के.के.पब्लिकेशंस
037 ## - SOURCE OF ACQUISITION
Source of stock number/acquisition ब्लूबेरी बुक्स
040 ## - CATALOGING SOURCE
Original cataloging agency DPL
Language of cataloging HN
082 ## - DEWEY DECIMAL CLASSIFICATION NUMBER
Classification number 821
100 ## - MAIN ENTRY--PERSONAL NAME
9 (RLIN) 23632
Personal name कुमार अम्बुज
245 ## - TITLE STATEMENT
Title कवि ने कहा /
Statement of responsibility, etc कुमार अम्बुज
246 ## - VARYING FORM OF TITLE
Title proper/short title Kavi Ne Kaha
Remainder of title by Kumar Ambuj
260 ## - PUBLICATION, DISTRIBUTION, ETC. (IMPRINT)
Place of publication, distribution, etc नयी दिल्ली
Name of publisher, distributor, etc किताबघर प्रकाशन
Date of publication, distribution, etc 2012
270 ## - ADDRESS
City नयी दिल्ली
Address 4855-56/24,अंसारी रोड, दरियागंज,
Postal code 110002
300 1# - PHYSICAL DESCRIPTION
Extent 128पृ.
Dimensions 22सेमी (सजिल्द)
490 ## - SERIES STATEMENT
Series statement कवि ने कहा सीरीज़
-- 55082
650 ## - SUBJECT ADDED ENTRY--TOPICAL TERM
9 (RLIN) 657
Topical term or geographic name as entry element हिन्दी कविता
650 ## - SUBJECT ADDED ENTRY--TOPICAL TERM
9 (RLIN) 34273
710 ## - ADDED ENTRY--CORPORATE NAME
9 (RLIN) 34811
710 ## - ADDED ENTRY--CORPORATE NAME
9 (RLIN) 35049
942 ## - ADDED ENTRY ELEMENTS (KOHA)
Source of classification or shelving scheme Dewey Decimal Classification
Item type Hindi Books
Call number suffix कुमार
Classification part 821
Holdings
Withdrawn status Lost status Source of classification or shelving scheme Damaged status Not for loan Collection code Home library Current library Date acquired Source of acquisition Cost, normal purchase price Total Checkouts Full call number Barcode Date last seen Copy number Cost, replacement price Koha item type Total Renewals
    Dewey Decimal Classification     Non-fiction Central Library Central Library 12/02/2013 ब्लूबेरी बुक्स/9995/03.01.13/7/18.12.12/09.01.13 190.00 3 821 कुमार B-490231 07/02/2025 1 190.00 Hindi Books 2
    Dewey Decimal Classification   Not For Loan Non-fiction D.B.Act.Division D.B.Act.Division 04/06/2012 DBAB/PUB 190.00   821 कुमार HN-68569 04/06/2012 1 190.00 Hindi Books  
    Dewey Decimal Classification     Non-fiction Sarojini Nagar Sarojini Nagar 19/10/2012 के.के.पब्लिकेशंस/2183/10.08.12/1/27.07.12/07.09.12 190.00   821 कुमार B-484373 19/10/2012 1 190.00 Hindi Books  
    Dewey Decimal Classification     Non-fiction Shahdara Branch Shahdara Branch 19/10/2012 के.के.पब्लिकेशंस/2183/10.08.12/1/27.07.12/07.09.12 190.00 2 821 कुमार B-484374 07/08/2025 1 190.00 Hindi Books  
    Dewey Decimal Classification     Non-fiction Yojana Vihar Yojana Vihar 19/10/2012 के.के.पब्लिकेशंस/2183/10.08.12/1/27.07.12/07.09.12 190.00   821 कुमार B-484375 19/10/2012 1 190.00 Hindi Books  

© Delhi Public Library
Hit Counter
free hit counter